Гафний : (Record no. 463256)
[ view plain ]
| 000 -LEADER | |
|---|---|
| fixed length control field | 00510nam a2200157 a 4500 |
| 001 - CONTROL NUMBER | |
| control field | 000076025 |
| 003 - CONTROL NUMBER IDENTIFIER | |
| control field | AM-YeHGA |
| 005 - DATE AND TIME OF LATEST TRANSACTION | |
| control field | 20250617160948.0 |
| 008 - FIXED-LENGTH DATA ELEMENTS--GENERAL INFORMATION | |
| fixed length control field | 030329s1962 ||||| |||||||||||||rus|c |
| 040 ## - CATALOGING SOURCE | |
| Original cataloging agency | AM-YeHGA |
| 090 ## - LOCALLY ASSIGNED LC-TYPE CALL NUMBER (OCLC); LOCAL CALL NUMBER (RLIN) | |
| -- | 466443 |
| 245 00 - TITLE STATEMENT | |
| Title | Гафний : |
| Remainder of title | Сборник статей / |
| Statement of responsibility, etc. | Под ред. Л.Н. Комиссаровой. |
| 260 ## - PUBLICATION, DISTRIBUTION, ETC. | |
| Place of publication, distribution, etc. | Москва : |
| Name of publisher, distributor, etc. | Иностранной литературы, |
| Date of publication, distribution, etc. | 1962. |
| 300 ## - PHYSICAL DESCRIPTION | |
| Extent | 364 с. |
| 700 1# - ADDED ENTRY--PERSONAL NAME | |
| Personal name | Комиссарова, Л.Н. |
| Relator term | ред. |
| Relationship | edt |
| Withdrawn status | Lost status | Source of classification or shelving scheme | Damaged status | Not for loan | Collection | Home library | Current library | Date acquired | Total checkouts | Full call number | Barcode | Date last seen | Price effective from | Koha item type | Public note |
|---|---|---|---|---|---|---|---|---|---|---|---|---|---|---|---|
| Universal Decimal Classification | General | Fundamental Scientific Library | Fundamental Scientific Library | 24/01/2018 | PIII/8853 | FL0475831 | 24/01/2018 | 24/01/2018 | Գրքեր / Books | 30 Days Loan |
ՀՀ Գիտությունների ազգային ակադեմիայի հիմնարար գիտական գրադարան = Fundamental Scientific Library of NAS RA
All site content, except where otherwise noted, is licensed under a